000
00286 a2200133 4500
001
194778
040
_c
Magnum
100
_a
Alencar, José de
240
1
0
_a
O que é o casamento?
_l
por
245
1
0
_a
O que é o casamento?
300
_a
108
697
_a
LITERATURA GERAL
942
_c
BK
999
_c
194778
_d
194778